Αυτόματη τιμαριθμική αναπροσαρμογή και ταξική πάλη

Αποθηκεύτηκε σε:
Λεπτομέρειες βιβλιογραφικής εγγραφής
Κύριος συγγραφέας: Μαγκλιβέρας, Σπύρος
Μορφή: Βιβλίο
Γλώσσα:Greek
Δημοσίευση: Αθήνα : Σύγχρονη Εποχή, 1984.
Έκδοση:3η έκδ.
Σειρά:Επίκαιρα θέματα (Σύγχρονη Εποχή) ; 1
Θέματα:
Ετικέτες: Προσθήκη ετικέτας
Δεν υπάρχουν, Καταχωρήστε ετικέτα πρώτοι!

MARC

LEADER 00000cam a2200000 i 4500
001 1/43249
008 960424s1984 gr | ||| |||| ||gre||
035 |l 10025739 
040 |a GR-MY-UA  |b gre  |e aacr 
041 0 |a gre 
082 7 |a 332.4150949   |2 (22) 
100 1 |a Μαγκλιβέρας, Σπύρος. 
245 1 0 |a Αυτόματη τιμαριθμική αναπροσαρμογή και ταξική πάλη /   |c Σπύρου Μαγκλιβέρα. 
250 |a 3η έκδ. 
260 |a Αθήνα :   |b Σύγχρονη Εποχή,   |c 1984.  
300 |a 39 σ. ;   |c 24 εκ.  
490 1 |a (Επίκαιρα θέματα / Σύγχρονη Εποχή ;   |v  1) 
500 |a Μελέτες κέντρου Μαρξιστικών ερευνών.  
650 0 0 |a Wage-price policy. 
650 0 0 |a Income maintenance programs  |z Greece. 
650 0 0 |a Wages  |x Government policy  |z Greece. 
830 0 |a Επίκαιρα θέματα (Σύγχρονη Εποχή)  |v  ; 1 
852 |a INST  |b CHIOS  |e 19960424  |h 332.41509495 ΜΑΓ  |p 005200005581  |q 005200005581  |t BK  |y 0 
909 |a Χ  |b 003528